[Event "CZE-chT1W 0607"]
[Site "Czech Republic"]
[Date "2007.03.18"]
[Round "10.7"]
[White "Trefny, Vlastimil"]
[Black "Hosek, Milan"]
[Result "0-1"]
[WhiteElo "2246"]
[BlackElo "2248"]
[PlyCount "170"]
[EventDate "2006.10.29"]
[EventType "team"]
[EventRounds "11"]
[EventCountry "CZE"]
[SourceTitle "EXT 2009"]
[Source "ChessBase"]
[SourceDate "2008.11.26"]
[SourceVersion "1"]
[SourceVersionDate "2008.11.26"]
[SourceQuality "1"]
[WhiteTeam "Hradec Kralove"]
[BlackTeam "Polabiny"]
[WhiteTeamCountry "CZE"]
[BlackTeamCountry "CZE"]

1. e4 c6 2. d4 d5 3. exd5 cxd5 4. c4 Nf6 5. Nc3 Nc6 6. Nf3 Bg4 7. cxd5 Nxd5 8. Qb3 Bxf3 9. gxf3 e6 10. Qxb7 Nxd4 11. Bb5+ Nxb5 12. Qc6+ Ke7 13. Qxb5 Nxc3 14. Qc5+ Qd6 15. Qxc3 Qa6 16. Be3 Rc8 17. Bc5+ Ke8 18. b4 Bxc5 19. bxc5 Ke7 20. Rd1 Rhd8 21. Rxd8 Rxd8 22. c6 Qd3 23. Qxd3 Rxd3 24. Ke2 Ra3 25. Rb1 Rxa2+ 26. Ke3 Rc2 27. Rb7+ Kf6 28. c7 a5 29. Ra7 a4 30. Rxa4 Rc3+ 31. Kf4 Rxc7 32. Kg3 Rc1 33. f4 Rg1+ 34. Kf3 h5 35. Ra7 Rh1 36. Kg2 Rd1 37. h4 Rd3 38. f3 Kg6 39. Kg3 Rd1 40. Re7 Rg1+ 41. Kh2 Rd1 42. Kg3 Rg1+ 43. Kf2 Rc1 44. Kg3 Rc6 45. Ra7 Rd6 46. Rb7 Kf6 47. Ra7 Rd5 48. Rb7 Kg6 49. Re7 Rd2 50. Ra7 Re2 51. Rb7 Re1 52. Ra7 f6 53. Rb7 Rg1+ 54. Kh2 Rd1 55. Kg3 Kf5 56. Rb5+ Rd5 57. Rb7 g6 58. Rb8 Rd4 59. Rb5+ Rd5 60. Rb8 Rc5 61. Ra8 Rb5 62. Rc8 Ra5 63. Rb8 Rc5 64. Ra8 Rc1 65. Ra4 Rg1+ 66. Kf2 Rd1 67. Kg3 g5 68. fxg5 fxg5 69. hxg5 Kxg5 70. f4+ Kf5 71. Kf3 Rd3+ 72. Ke2 Rh3 73. Kf2 h4 74. Ke2 Rg3 75. Kf2 Rg6 76. Kf3 Rg3+ 77. Kf2 Rd3 78. Ke2 Rc3 79. Kf2 h3 80. Ra6 Rc2+ 81. Kg3 Rc3+ 82. Kf2 Rb3 83. Kg1 Re3 84. Kf2 h2 85. Ra5+ Kxf4 0-1

[Event "CZE-chT1W 0607"]
[Site "Czech Republic"]
[Date "2006.12.10"]
[Round "4.7"]
[White "Pick, Stepan"]
[Black "Trefny, Vlastimil"]
[Result "1-0"]
[WhiteElo "2173"]
[BlackElo "2246"]
[PlyCount "89"]
[EventDate "2006.10.29"]
[EventType "team"]
[EventRounds "11"]
[EventCountry "CZE"]
[SourceTitle "EXT 2009"]
[Source "ChessBase"]
[SourceDate "2008.11.26"]
[SourceVersion "1"]
[SourceVersionDate "2008.11.26"]
[SourceQuality "1"]
[WhiteTeam "Praha Pankrac"]
[BlackTeam "Hradec Kralove"]
[WhiteTeamCountry "CZE"]
[BlackTeamCountry "CZE"]

1. Nf3 d5 2. g3 Bg4 3. Bg2 c6 4. 0-0 Nd7 5. d3 Ngf6 6. Nc3 e5 7. h3 Bh5 8. Re1 Bc5 9. e4 dxe4 10. Nxe4 Nxe4 11. Rxe4 0-0 12. Re1 Qb6 13. Be3 Bxe3 14. Rxe3 f5 15. Re1 Rae8 16. Qd2 Rf7 17. b3 Bxf3 18. Bxf3 Nf6 19. Qe3 Qc7 20. Qxa7 e4 21. dxe4 fxe4 22. Bg2 Qe5 23. Rad1 Ref8 24. Qd4 Qf5 25. Rf1 h5 26. Rde1 Re8 27. f3 Rd7 28. Qc4+ Kh8 29. fxe4 Qe5 30. Re3 Rd2 31. Qc3 Rd4 32. Rd3 c5 33. Rf5 Rxd3 34. Qxd3 Qa1+ 35. Kh2 b6 36. a4 h4 37. gxh4 Qe1 38. Qg3 Qe2 39. Qd3 Qe1 40. h5 Nxe4 41. Bxe4 Rxe4 42. Rf8+ Kh7 43. Re8 Qf2+ 44. Kh1 Qe1+ 45. Kg2 1-0

[Event "Pardubice op-E"]
[Site "Pardubice"]
[Date "2006.07.17"]
[Round "5"]
[White "Trefny, Vlastimil"]
[Black "Sturz, Ota"]
[Result "0-1"]
[WhiteElo "2267"]
[BlackElo "2032"]
[PlyCount "86"]
[EventDate "2006.07.13"]
[EventType "swiss"]
[EventRounds "7"]
[EventCountry "CZE"]
[SourceTitle "CBM 113 Extra"]
[Source "ChessBase"]
[SourceDate "2006.09.14"]
[SourceVersion "1"]
[SourceVersionDate "2006.09.14"]
[SourceQuality "1"]

1. e4 e6 2. d4 d5 3. Nc3 Bb4 4. e5 c5 5. a3 Bxc3+ 6. bxc3 Ne7 7. Qg4 0-0 8. Bd3 Nbc6 9. Nf3 Ng6 10. Ng5 f5 11. exf6 Qxf6 12. Qh5 h6 13. 0-0 Nf4 14. Bxf4 Qxf4 15. Nh7 Rf5 16. Qg6 c4 17. Bxf5 Qxf5 18. Qe8+ Kxh7 19. f4 Qg6 20. Qf8 Qf6 21. Qe8 Qe7 22. Qh5 Bd7 23. Rae1 Qxa3 24. Rf3 Qd6 25. Rg3 Ne7 26. Re5 g6 27. Qe2 a5 28. h4 a4 29. h5 a3 30. hxg6+ Kg7 31. Rh3 Nf5 32. g4 Nxd4 33. cxd4 a2 34. g5 a1Q+ 35. Kg2 Qxd4 36. Rxh6 Rg8 37. Rh7+ Kf8 38. Rf7+ Ke8 39. Qh5 Q6b6 40. Re2 Qg1+ 41. Kh3 Qh1+ 42. Rh2 Qe3+ 43. Kg4 Qhg1+ 0-1

[Event "Mittelfrankenliga-B1 0506"]
[Site "Germany"]
[Date "2005.10.16"]
[Round "1.1"]
[White "Trefny, Vlastimil"]
[Black "Seitz, Hans"]
[Result "1-0"]
[WhiteElo "2201"]
[BlackElo "2016"]
[PlyCount "55"]
[EventDate "2005.10.16"]
[EventType "team"]
[EventRounds "9"]
[EventCountry "GER"]
[SourceTitle "EXT 2007"]
[Source "ChessBase"]
[SourceDate "2006.11.23"]
[SourceVersion "1"]
[SourceVersionDate "2006.11.23"]
[SourceQuality "1"]

1. e4 e6 2. d4 d5 3. Nc3 Nf6 4. e5 Nfd7 5. f4 c5 6. Nf3 Nc6 7. Be3 cxd4 8. Nxd4 Bc5 9. Qd2 a6 10. 0-0-0 Qc7 11. h4 Nxd4 12. Bxd4 0-0 13. h5 b5 14. Kb1 b4 15. Na4 Bxd4 16. Qxd4 a5 17. g4 Ba6 18. Bxa6 Rxa6 19. Rhe1 Rc6 20. Qd2 f5 21. Rg1 Rc4 22. Qg2 Rxf4 23. gxf5 Nxe5 24. fxe6 Nf3 25. Nb6 Nxg1 26. Nxd5 Rf2 27. Qxf2 Rxf2 28. Nxc7 1-0

[Event "CZE-chT2c 0405"]
[Site "Czech Republic"]
[Date "2005.03.20"]
[Round "10.7"]
[White "Kastner, Kamil"]
[Black "Trefny, Vlastimil"]
[Result "0-1"]
[WhiteElo "2091"]
[BlackElo "2220"]
[PlyCount "68"]
[EventDate "2004.10.17"]
[EventType "team"]
[EventRounds "11"]
[EventCountry "CZE"]
[SourceTitle "EXT 2007"]
[Source "ChessBase"]
[SourceDate "2006.11.23"]
[SourceVersion "1"]
[SourceVersionDate "2006.11.23"]
[SourceQuality "1"]
[WhiteTeam "Synthesia II"]
[BlackTeam "Hradec Kralove II"]
[WhiteTeamCountry "CZE"]
[BlackTeamCountry "CZE"]

1. e4 c5 2. Nc3 Nc6 3. Bc4 g6 4. f4 Bg7 5. Nf3 e6 6. e5 d5 7. exd6 Qxd6 8. d3 Nge7 9. Ne4 Qc7 10. 0-0 0-0 11. Nxc5 Na5 12. Nb3 Nxc4 13. dxc4 Rd8 14. Qe2 b6 15. c3 Ba6 16. Re1 Bxc4 17. Qf2 a5 18. Ne5 Bxb3 19. axb3 Nd5 20. Be3 Nxe3 21. Qxe3 b5 22. Red1 g5 23. Nd3 gxf4 24. Nxf4 b4 25. Nh5 bxc3 26. Qg5 f6 27. Nxf6+ Kh8 28. bxc3 Qxc3 29. Rf1 Rd2 30. Nh5 Bd4+ 31. Kh1 Rg8 32. Qf4 Rdxg2 33. Nf6 Qc6 34. Ne4 R2g4 0-1

[Event "CZE-chT2c 0405"]
[Site "Czech Republic"]
[Date "2005.02.06"]
[Round "7.6"]
[White "Kaplan, Daniel"]
[Black "Trefny, Vlastimil"]
[Result "0-1"]
[WhiteElo "2118"]
[BlackElo "2220"]
[PlyCount "80"]
[EventDate "2004.10.17"]
[EventType "team"]
[EventRounds "11"]
[EventCountry "CZE"]
[SourceTitle "EXT 2007"]
[Source "ChessBase"]
[SourceDate "2006.11.23"]
[SourceVersion "1"]
[SourceVersionDate "2006.11.23"]
[SourceQuality "1"]
[WhiteTeam "Kolin II"]
[BlackTeam "Hradec Kralove II"]
[WhiteTeamCountry "CZE"]
[BlackTeamCountry "CZE"]

1. e4 c5 2. Nf3 d6 3. d4 cxd4 4. Nxd4 Nf6 5. Nc3 Nc6 6. Be2 e5 7. Nb3 Be7 8. 0-0 0-0 9. f4 a5 10. a4 Be6 11. Be3 Nb4 12. Bf3 exf4 13. Bxf4 Nxc2 14. Qxc2 Qb6+ 15. Qf2 Qxb3 16. Rfd1 Rfd8 17. Rd2 d5 18. e5 Ne8 19. Nb5 Rac8 20. Kh1 Bc5 21. Qg3 Bb6 22. Bh6 Kh8 23. Nd6 gxh6 24. Nxc8 Rxc8 25. Rad1 Ng7 26. Qh4 Qe3 27. Re2 Qg5 28. Qxg5 hxg5 29. g4 h5 30. gxh5 Nf5 31. Red2 Be3 32. Rd3 d4 33. Bxb7 Rb8 34. Be4 Rxb2 35. Rf1 Bf4 36. Bxf5 Bxf5 37. Rxd4 Rxh2+ 38. Kg1 Ra2 39. Re1 Bg4 40. h6 Bh2+ 0-1

[Event "Landesliga Nord 0405"]
[Site "Bayern"]
[Date "2004.12.12"]
[Round "4.1"]
[White "Trefny, Vlastimil"]
[Black "Opitz, Alexander"]
[Result "1/2-1/2"]
[WhiteElo "2250"]
[BlackElo "2164"]
[PlyCount "46"]
[EventDate "2004.10.24"]
[EventType "team-tourn"]
[EventRounds "9"]
[EventCountry "GER"]
[SourceTitle "EXT 2008"]
[Source "ChessBase"]
[SourceDate "2007.11.25"]
[SourceVersion "1"]
[SourceVersionDate "2007.11.25"]
[SourceQuality "1"]
[WhiteTeam "Marktleuthen"]
[BlackTeam "Bindlach II"]
[WhiteTeamCountry "GER"]
[BlackTeamCountry "GER"]

1. e4 c5 2. Nf3 d6 3. d4 cxd4 4. Nxd4 Nf6 5. Nc3 a6 6. Bg5 e6 7. f4 Qc7 8. Qf3 b5 9. Bd3 b4 10. Nce2 Nbd7 11. 0-0-0 Bb7 12. Ng3 h6 13. Bxf6 Nxf6 14. Nh5 Nxh5 15. Qxh5 0-0-0 16. Qe2 Qb6 17. Nb3 Be7 18. Kb1 Kb8 19. Rhf1 Rhe8 20. f5 Bf6 21. Qh5 Qc7 22. fxe6 fxe6 23. Na5 Rc8 1/2-1/2

[Event "Landesliga Nord 0304"]
[Site "Bayern"]
[Date "2003.10.12"]
[Round "1.1"]
[White "Loos, Roland"]
[Black "Trefny, Vlastimil"]
[Result "1-0"]
[WhiteElo "2239"]
[BlackElo "2259"]
[PlyCount "95"]
[EventDate "2003.10.??"]
[EventType "team"]
[EventRounds "9"]
[EventCountry "GER"]
[SourceTitle "EXT 2006"]
[Source "ChessBase"]
[SourceDate "2005.11.24"]
[SourceVersion "1"]
[SourceVersionDate "2005.11.24"]
[SourceQuality "1"]
[WhiteTeam "Neutraubling"]
[BlackTeam "Marktleuthen"]
[WhiteTeamCountry "GER"]
[BlackTeamCountry "GER"]

1. d4 d5 2. Bg5 c5 3. e4 dxe4 4. d5 h6 5. Bf4 Nf6 6. Nc3 g5 7. Be3 Nbd7 8. h4 g4 9. Nge2 Bg7 10. Qd2 b5 11. Nxb5 Ba6 12. Ng3 Nb6 13. Nf5 Kf8 14. d6 exd6 15. Nbxd6 Bxf1 16. Kxf1 Qd7 17. Bxc5 Kg8 18. Nxg7 Kxg7 19. c4 Rhd8 20. b3 Rac8 21. Ba3 Rc6 22. Qf4 Nh5 23. Nf5+ Kh7 24. Qxg4 Rf6 25. Qxh5 Rxf5 26. Qe2 Qe6 27. Rh3 Qe5 28. Bb2 Qf4 29. Bc3 Rd3 30. Rxd3 exd3 31. Qf3 Qxf3 32. gxf3 Rxf3 33. Kg2 Rf5 34. Rd1 a5 35. Rxd3 a4 36. Bd4 axb3 37. axb3 Nd7 38. Rf3 Kg6 39. Kg3 Ra5 40. Kf4 Nf8 41. Rg3+ Kh5 42. Rg8 Ne6+ 43. Ke3 Kxh4 44. Bf6+ Kh3 45. b4 Ra3+ 46. Ke4 Ra2 47. Rg3+ Kh2 48. Be5 1-0

[Event "Regionalliga NW 0102"]
[Site "Bayern"]
[Date "2002.03.17"]
[Round "7.2"]
[White "Seidel, Michael"]
[Black "Trefny, Vlastimil"]
[Result "1/2-1/2"]
[WhiteElo "2030"]
[BlackElo "2230"]
[PlyCount "61"]
[EventDate "2001.10.07"]
[EventType "team-tourn"]
[EventRounds "9"]
[EventCountry "GER"]
[SourceTitle "EXT 2003"]
[Source "ChessBase"]
[SourceDate "2002.11.25"]
[SourceVersion "1"]
[SourceVersionDate "2002.11.25"]
[SourceQuality "1"]
[WhiteTeam "Hof"]
[BlackTeam "Marktleuthen"]
[WhiteTeamCountry "GER"]
[BlackTeamCountry "GER"]

1. e4 c5 2. Nf3 d6 3. d4 cxd4 4. Nxd4 Nf6 5. Nc3 Nc6 6. Be2 e6 7. 0-0 Be7 8. Be3 0-0 9. f4 Bd7 10. Kh1 Qb8 11. a4 Nxd4 12. Bxd4 Bc6 13. Bd3 e5 14. Be3 Qc8 15. h3 exf4 16. Bxf4 Qe6 17. Qf3 Nd7 18. Qg3 Nc5 19. Rad1 Nxd3 20. cxd3 f5 21. Rde1 Rac8 22. Bg5 Bxg5 23. Qxg5 fxe4 24. Rxf8+ Rxf8 25. dxe4 Re8 26. Qh4 Qc4 27. Qf2 Bxe4 28. Nxe4 Rxe4 29. Rxe4 Qxe4 30. Qxa7 Qe1+ 31. Kh2 1/2-1/2

[Event "Pardubice Telecom op"]
[Site "Pardubice"]
[Date "2002.??.??"]
[Round "5.1"]
[White "Trefny, Vlastimil"]
[Black "Kutynec, Vladimir"]
[Result "0-1"]
[WhiteElo "2229"]
[BlackElo "2402"]
[PlyCount "76"]
[EventDate "2002.07.??"]
[EventType "swiss"]
[EventRounds "9"]
[EventCountry "CZE"]
[SourceTitle "EXT 2003"]
[Source "ChessBase"]
[SourceDate "2002.11.25"]
[SourceVersion "1"]
[SourceVersionDate "2002.11.25"]
[SourceQuality "1"]

1. e4 Nf6 2. e5 Nd5 3. d4 d6 4. Bc4 Nb6 5. Bb3 dxe5 6. Qh5 e6 7. dxe5 a5 8. a4 Na6 9. Nf3 Nc5 10. Ba2 g6 11. Qh3 h5 12. Nc3 Nbxa4 13. Nxa4 Nxa4 14. 0-0 Be7 15. Be3 Bd7 16. Rfd1 b5 17. Nd4 Qc8 18. Qf3 c5 19. Nxe6 Bxe6 20. Bxe6 fxe6 21. Rd6 Bxd6 22. Qf6 Bxe5 23. Qxe5 0-0 24. Bh6 Qd7 25. Bxf8 Rxf8 26. b3 Qd4 27. Qxd4 cxd4 28. bxa4 b4 29. Kf1 Rc8 30. Ra2 e5 31. f3 Kf7 32. Ke2 Ke6 33. Kd2 Kd5 34. Ra1 Rc3 35. h4 Ra3 36. Rg1 Rxa4 37. g4 Ra2 38. gxh5 gxh5 0-1

[Event "Pardubice Telecom op"]
[Site "Pardubice"]
[Date "2001.07.27"]
[Round "8"]
[White "Trefny, Vlastimil"]
[Black "Biti, Ozren"]
[Result "1/2-1/2"]
[WhiteElo "2240"]
[BlackElo "2327"]
[PlyCount "48"]
[EventDate "2001.07.20"]
[EventType "swiss"]
[EventRounds "9"]
[EventCountry "CZE"]
[SourceTitle "EXT 2002"]
[Source "ChessBase"]
[SourceDate "2001.11.25"]
[SourceVersion "1"]
[SourceVersionDate "2001.11.25"]
[SourceQuality "1"]

1. e4 d6 2. d4 Nf6 3. Nc3 g6 4. Be3 c6 5. h3 Bg7 6. f4 Qa5 7. Bd3 e5 8. fxe5 dxe5 9. Nf3 Nbd7 10. 0-0 0-0 11. Qe1 exd4 12. Bxd4 Nh5 13. Bxg7 Kxg7 14. Qf2 Qb6 15. Qxb6 Nxb6 16. Ne2 Kg8 17. Rf2 Ng7 18. Nf4 h6 19. Raf1 g5 20. Ne2 f5 21. exf5 Bxf5 22. Ne5 Bxd3 23. Nxd3 Rxf2 24. Rxf2 Nd7 1/2-1/2

[Event "Pardubice Telecom op"]
[Site "Pardubice"]
[Date "2001.07.26"]
[Round "7"]
[White "Bochnickova, Andrea"]
[Black "Trefny, Vlastimil"]
[Result "0-1"]
[WhiteElo "2159"]
[BlackElo "2240"]
[PlyCount "80"]
[EventDate "2001.07.20"]
[EventType "swiss"]
[EventRounds "9"]
[EventCountry "CZE"]
[SourceTitle "EXT 2002"]
[Source "ChessBase"]
[SourceDate "2001.11.25"]
[SourceVersion "1"]
[SourceVersionDate "2001.11.25"]
[SourceQuality "1"]

1. e4 c5 2. Nf3 d6 3. d4 cxd4 4. Nxd4 Nf6 5. Nc3 Nc6 6. Bc4 e6 7. Bb3 a6 8. f4 Na5 9. Be3 b5 10. f5 e5 11. Nf3 Nxb3 12. axb3 Bb7 13. Bg5 Qb6 14. Qd3 b4 15. Nd5 Bxd5 16. exd5 Be7 17. Bxf6 Bxf6 18. g4 0-0 19. 0-0-0 Rfc8 20. g5 Bd8 21. Rhg1 a5 22. Nd2 a4 23. f6 a3 24. c4 bxc3 25. bxc3 e4 26. Nxe4 Qxb3 27. Kd2 Bb6 28. Rgf1 g6 29. Ke2 a2 30. Kf3 Re8 31. Rfe1 Qb2 32. Qf1 Qxh2 33. Qh1 Qxh1+ 34. Rxh1 Ra4 35. Rhe1 h5 36. gxh6 a1Q 37. Rxa1 Rexe4 38. Rxe4 Rxa1 39. Re8+ Kh7 40. Rf8 Rf1+ 0-1

[Event "Chrudim op"]
[Site "Chrudim"]
[Date "2001.??.??"]
[Round "?"]
[White "Hromadko, Martin"]
[Black "Trefny, Vlastimil"]
[Result "1/2-1/2"]
[WhiteElo "1865"]
[BlackElo "2240"]
[PlyCount "84"]
[EventDate "2001.??.??"]
[EventType "swiss"]
[EventRounds "9"]
[EventCountry "CZE"]
[SourceTitle "EXT 2003"]
[Source "ChessBase"]
[SourceDate "2002.11.25"]
[SourceVersion "1"]
[SourceVersionDate "2002.11.25"]
[SourceQuality "1"]

1. e4 c5 2. Nf3 d6 3. d4 cxd4 4. Nxd4 Nf6 5. Nc3 Nc6 6. Be2 g6 7. Be3 Bg7 8. 0-0 0-0 9. Qd2 Bd7 10. Rad1 a5 11. f4 Qc8 12. Bf3 Re8 13. a3 a4 14. Nxc6 Bxc6 15. f5 b5 16. Bh6 Bh8 17. h4 Qb7 18. h5 Nxe4 19. Nxe4 Bxe4 20. fxg6 hxg6 21. hxg6 fxg6 22. Qg5 Bf6 23. Qg4 Bf5 24. Bxb7 Bxg4 25. Bxa8 Bxd1 26. Bc6 Rc8 27. Bd5+ Kh7 28. Rxd1 Kxh6 29. c3 Bxc3 30. bxc3 Rxc3 31. Rb1 Rxa3 32. Rxb5 Rd3 33. Ra5 Kg7 34. Bc4 Rd1+ 35. Kf2 Ra1 36. g4 a3 37. g5 Rc1 38. Bb3 Rc3 39. Be6 Rd3 40. Ra7 Kf8 41. Ra8+ Kg7 42. Ra7 Kf8 1/2-1/2

[Event "CZE-chT2a 0001"]
[Site "Czech Republic"]
[Date "2001.??.??"]
[Round "6"]
[White "Rozkovec, Hynek"]
[Black "Trefny, Vlastimil"]
[Result "0-1"]
[WhiteElo "2145"]
[BlackElo "2250"]
[PlyCount "76"]
[EventDate "2000.??.??"]
[EventType "team"]
[EventRounds "11"]
[EventCountry "CZE"]
[SourceTitle "EXT 2003"]
[Source "ChessBase"]
[SourceDate "2002.11.25"]
[SourceVersion "1"]
[SourceVersionDate "2002.11.25"]
[SourceQuality "1"]

1. e4 c5 2. g3 d5 3. exd5 Qxd5 4. Nf3 Nc6 5. Bg2 Qe4+ 6. Kf1 Bg4 7. h3 Bh5 8. d3 Qe6 9. Be3 c4 10. Na3 cxd3 11. Qxd3 Nf6 12. Nb5 Qd7 13. Qxd7+ Kxd7 14. Ke2 e5 15. Rhd1+ Kc8 16. g4 Bg6 17. Nxe5 Nxe5 18. Nxa7+ Rxa7 19. Bxa7 Nc6 20. Bxc6 bxc6 21. c3 h5 22. g5 Nd5 23. h4 Bd6 24. c4 Nf4+ 25. Kf3 Bc7 26. Be3 Nd3 27. Bd4 Re8 28. Kg2 Re4 29. Bxg7 Rxh4 30. Bf6 Nf4+ 31. Kg1 Be4 32. f3 Bxf3 33. Kf2 Bxd1 34. Rxd1 Rh2+ 35. Kf3 Ng6 36. Re1 Rc2 37. Re4 h4 38. Kg4 Rg2+ 0-1